[Event "Greifswald Ryck op 24th"]
[Site "Greifswald"]
[Date "2023.07.19"]
[Round "1"]
[White "Ehrich, Dieter"]
[Black "Woll, Wilfried"]
[Result "1/2-1/2"]
[WhiteElo "1540"]
[BlackElo "2023"]
[PlyCount "75"]
[EventDate "2023.07.19"]
[EventType "swiss"]
[EventRounds "7"]
[EventCountry "GER"]
[SourceTitle "CBM 215 Extra"]
[Source "ChessBase"]
[SourceDate "2023.09.30"]
[SourceVersion "1"]
[SourceVersionDate "2023.09.30"]
[SourceQuality "1"]

1. d4 d5 2. Nf3 Nf6 3. Bf4 e6 4. e3 Bd6 5. Bxd6 cxd6 6. c4 Nc6 7. Be2 dxc4 8. Bxc4 0-0 9. 0-0 Ne7 10. Nc3 Bd7 11. Rc1 Qa5 12. a3 Rfc8 13. Be2 Rc7 14. Nd2 Rac8 15. e4 e5 16. d5 b5 17. Ra1 Ng6 18. g3 b4 19. axb4 Qxb4 20. Qb3 Qxb3 21. Nxb3 Rb8 22. Ra3 Ne7 23. Rfa1 g5 24. Kg2 Rb4 25. Bd3 Nc8 26. f3 h5 27. Bc2 Bb5 28. Bd1 Bc4 29. Na2 Rb8 30. Nac1 Nd7 31. Kg1 Kg7 32. Rb1 Kg6 33. Nd2 Bb5 34. b4 Ncb6 35. Ne2 Rbc8 36. Rb2 Nc4 37. Nxc4 Bxc4 38. Rc3 1/2-1/2

[Event "Mecklenburg VP LL2 Ost 2223"]
[Site "Mecklenburg VP"]
[Date "2022.11.27"]
[Round "3.6"]
[White "Decker, Nils1111"]
[Black "Ehrich, Dieter"]
[Result "0-1"]
[WhiteElo "1370"]
[BlackElo "1587"]
[PlyCount "84"]
[EventDate "2022.10.23"]
[EventType "team-tourn"]
[EventRounds "9"]
[EventCountry "GER"]
[SourceTitle "EXT 2024"]
[Source "ChessBase"]
[SourceDate "2023.10.10"]
[SourceVersion "1"]
[SourceVersionDate "2023.10.10"]
[SourceQuality "1"]
[WhiteTeam "Gryps SV"]
[BlackTeam "Ribnitz Damgarten"]
[WhiteTeamCountry "GER"]
[BlackTeamCountry "GER"]

1. e4 c5 2. Nf3 d6 3. Nc3 Nf6 4. Bc4 Bg4 5. h3 Bxf3 6. Qxf3 Nc6 7. d3 Nd4 8. Qd1 e6 9. 0-0 Be7 10. Bf4 a6 11. e5 dxe5 12. Bxe5 0-0 13. a4 Nc6 14. Re1 Bd6 15. Bxd6 Qxd6 16. Re3 Nd4 17. Ne4 Nxe4 18. Rxe4 Nf5 19. Qh5 Qe7 20. Rae1 g6 21. Qg4 h5 22. Qf4 Qd6 23. Re5 Rfd8 24. g4 Ng7 25. gxh5 Nxh5 26. Qg4 Nf6 27. Qg5 Kg7 28. Bxe6 Rh8 29. Bf5 Rh5 30. Qg2 Rb8 31. Bxg6 fxg6 32. Qg3 Rxe5 33. Rxe5 Nd7 34. Rg5 Qxg3+ 35. Rxg3 Re8 36. Kf1 Nb6 37. b3 Nd5 38. Rg5 Rd8 39. c4 Nf4 40. Rxc5 Rxd3 41. Rc7+ Kf6 42. Rxb7 Rd1# 0-1

[Event "Neubrandenburg-chB"]
[Site "Neubrandenburg"]
[Date "2022.04.11"]
[Round "6"]
[White "Ehrich, Dieter"]
[Black "Bartel, Jethro Aldrich"]
[Result "1-0"]
[WhiteElo "1583"]
[BlackElo "1592"]
[PlyCount "87"]
[EventDate "2022.04.09"]
[EventType "swiss"]
[EventRounds "7"]
[EventCountry "GER"]
[SourceTitle "CBM 207 Extra"]
[Source "ChessBase"]
[SourceDate "2022.05.31"]
[SourceVersion "1"]
[SourceVersionDate "2022.05.31"]
[SourceQuality "1"]

1. Nf3 g6 2. g3 Bg7 3. Bg2 c5 4. c4 Nc6 5. Nc3 e5 6. e4 Nge7 7. 0-0 0-0 8. d3 d6 9. Be3 Rb8 10. Rb1 a6 11. a3 h6 12. h3 Be6 13. Qd2 Kh7 14. Nd5 b5 15. b4 Nd4 16. Kh2 Qd7 17. Nxd4 Bxd5 18. Nf3 Bc6 19. bxc5 bxc4 20. dxc4 Bxe4 21. Rxb8 Rxb8 22. Qxd6 Qb7 23. Ng5+ hxg5 24. Bxe4 Qxe4 25. Qxb8 g4 26. Qb1 Qxc4 27. Rc1 Qa4 28. Qb4 Qc6 29. Qxg4 Nf5 30. Rc4 Kg8 31. Qe4 Qc8 32. Ra4 Nd4 33. Rxd4 exd4 34. Bxd4 a5 35. Bxg7 Kxg7 36. Qe5+ Kg8 37. Qd5 Qc7 38. Qd6 Qxd6 39. cxd6 Kf8 40. Kg2 Ke8 41. Kf3 Kd7 42. Ke4 Kxd6 43. Kd4 f5 44. a4 1-0

[Event "Mecklenburg VP-ch op"]
[Site "Greifswald"]
[Date "2021.06.24"]
[Round "2"]
[White "Ehrich, Dieter"]
[Black "Kriese, Ralf"]
[Result "1/2-1/2"]
[WhiteElo "1607"]
[BlackElo "1691"]
[PlyCount "33"]
[EventDate "2021.06.24"]
[EventType "swiss"]
[EventRounds "7"]
[EventCountry "GER"]
[SourceTitle "EXT 2022"]
[Source "ChessBase"]
[SourceDate "2021.10.06"]
[SourceVersion "1"]
[SourceVersionDate "2021.10.06"]
[SourceQuality "1"]

1. c4 e5 2. g3 c5 3. Nc3 Nc6 4. Bg2 f5 5. e3 Nf6 6. Nge2 Be7 7. a3 0-0 8. 0-0 a6 9. d4 d6 10. d5 Nb8 11. Bd2 Nbd7 12. Qc2 e4 13. Nf4 Ne5 14. b3 g5 15. Nfe2 Nfd7 16. f4 Nd3 17. Nc1 1/2-1/2

[Event "Mecklenburg VP-ch op"]
[Site "Greifswald"]
[Date "2021.06.24"]
[Round "1"]
[White "Mueller, Rosemarie"]
[Black "Ehrich, Dieter"]
[Result "0-1"]
[WhiteElo "1308"]
[BlackElo "1607"]
[PlyCount "64"]
[EventDate "2021.06.24"]
[EventType "swiss"]
[EventRounds "7"]
[EventCountry "GER"]
[SourceTitle "EXT 2022"]
[Source "ChessBase"]
[SourceDate "2021.10.06"]
[SourceVersion "1"]
[SourceVersionDate "2021.10.06"]
[SourceQuality "1"]

1. e4 c5 2. c4 d6 3. Nf3 Nc6 4. a3 Nf6 5. d3 g6 6. h3 Bg7 7. Nc3 a6 8. Bd2 Rb8 9. Be2 0-0 10. 0-0 Bd7 11. Qc1 Nd4 12. Bd1 b5 13. Nxd4 cxd4 14. Ne2 bxc4 15. Qxc4 Qb6 16. Bb4 a5 17. Be1 Qxb2 18. Qxd4 Qxd4 19. Nxd4 Nxe4 20. dxe4 Bxd4 21. Rc1 Bb5 22. Bxa5 Bxf1 23. Kxf1 Rb2 24. Be1 Rfb8 25. a4 Rb1 26. Bd2 Rxc1 27. Bxc1 Rb1 28. Be3 Bxe3 29. fxe3 Rxd1+ 30. Ke2 Ra1 31. Kf3 Rxa4 32. g4 g5 0-1

[Event "Mecklenburg VP-ch op"]
[Site "Neubrandenburg"]
[Date "2018.05.01"]
[Round "7.8"]
[White "Ehrich, Dieter"]
[Black "Buenz, Heinrich"]
[Result "1/2-1/2"]
[WhiteElo "1632"]
[BlackElo "1836"]
[PlyCount "51"]
[EventDate "2018.04.28"]
[EventType "swiss"]
[EventRounds "7"]
[EventCountry "GER"]
[SourceTitle "EXT 2023"]
[Source "ChessBase"]
[SourceDate "2022.10.05"]
[SourceVersion "1"]
[SourceVersionDate "2022.10.05"]
[SourceQuality "1"]

1. c4 Nf6 2. g3 e6 3. Bg2 Be7 4. Nf3 0-0 5. 0-0 c6 6. Nc3 d5 7. d4 dxc4 8. Ne5 Nd5 9. Nxc4 b5 10. Ne5 b4 11. Ne4 Qc7 12. Bd2 Rd8 13. Qb3 a5 14. Rac1 Bb7 15. Qf3 Bf8 16. Ng5 Bd6 17. Nexf7 Rf8 18. Nxe6 Qxf7 19. Nxf8 Qxf3 20. Bxf3 Kxf8 21. e4 Ne7 22. Bg4 Na6 23. e5 Bc7 24. Be6 Rd8 25. Be3 Bb6 26. Rfd1 1/2-1/2

[Event "Mecklenburg VP-ch op"]
[Site "Neubrandenburg"]
[Date "2018.04.28"]
[Round "1.3"]
[White "Ehrich, Dieter"]
[Black "Schulz, Gerhard1111"]
[Result "1/2-1/2"]
[WhiteElo "1632"]
[BlackElo "1853"]
[PlyCount "35"]
[EventDate "2018.04.28"]
[EventType "swiss"]
[EventRounds "7"]
[EventCountry "GER"]
[SourceTitle "EXT 2023"]
[Source "ChessBase"]
[SourceDate "2022.10.05"]
[SourceVersion "1"]
[SourceVersionDate "2022.10.05"]
[SourceQuality "1"]

1. c4 e6 2. g3 f5 3. d4 Nf6 4. Nc3 d5 5. Bg2 c6 6. Nf3 Bd6 7. 0-0 0-0 8. Bg5 Nbd7 9. e3 Qe8 10. Nd2 Ne4 11. Ncxe4 fxe4 12. f3 exf3 13. Rxf3 Nf6 14. Bxf6 Rxf6 15. Rxf6 gxf6 16. e4 dxc4 17. Nxc4 Bc7 18. Qf3 1/2-1/2

[Event "Rostock SSC op 16th"]
[Site "Rostock"]
[Date "2017.07.28"]
[Round "4"]
[White "Ehrich, Dieter"]
[Black "Schubert, Nikita"]
[Result "0-1"]
[WhiteElo "1632"]
[BlackElo "1765"]
[PlyCount "96"]
[EventDate "2017.07.26"]
[EventType "swiss"]
[EventRounds "7"]
[EventCountry "GER"]
[SourceTitle "EXT 2018"]
[Source "ChessBase"]
[SourceDate "2017.10.13"]
[SourceVersion "1"]
[SourceVersionDate "2017.10.13"]
[SourceQuality "1"]

1. c4 Nf6 2. g3 e6 3. Bg2 d5 4. Nf3 Be7 5. 0-0 0-0 6. b3 d4 7. d3 c5 8. Re1 Nc6 9. e4 e5 10. Bg5 Ne8 11. Bxe7 Qxe7 12. Qd2 h6 13. h3 Nd6 14. g4 Kh7 15. Nh2 a6 16. Na3 Bd7 17. Nc2 b5 18. Nf3 b4 19. Nh2 Ra7 20. Red1 Rfa8 21. Ne1 a5 22. Rdb1 a4 23. Qd1 Qd8 24. Nc2 Ra6 25. Qc1 R8a7 26. Nf3 Qa8 27. g5 Ne8 28. gxh6 gxh6 29. Nh4 Ng7 30. Qd1 Ne6 31. Bf3 Nf4 32. Bg4 Qg8 33. Kh2 f6 34. Qf3 Bxg4 35. hxg4 Rg7 36. Rg1 axb3 37. axb3 Rxa1 38. Nxa1 h5 39. g5 Rxg5 40. Rxg5 Qxg5 41. Nf5 Qg4 42. Qg3 Qxg3+ 43. Kxg3 Nxd3 44. Kf3 Na5 45. Nd6 Nc1 46. Nb5 Ncxb3 47. Nc2 Nxc4 48. Nc7 Ncd2+ 0-1

[Event "Rostock SSC op 16th"]
[Site "Rostock"]
[Date "2017.07.27"]
[Round "3"]
[White "Tovmasyan, Minas"]
[Black "Ehrich, Dieter"]
[Result "0-1"]
[WhiteElo "1286"]
[BlackElo "1632"]
[PlyCount "55"]
[EventDate "2017.07.26"]
[EventType "swiss"]
[EventRounds "7"]
[EventCountry "GER"]
[SourceTitle "EXT 2018"]
[Source "ChessBase"]
[SourceDate "2017.10.13"]
[SourceVersion "1"]
[SourceVersionDate "2017.10.13"]
[SourceQuality "1"]

1. d4 c5 2. d5 d6 3. c4 g6 4. Nc3 Bg7 5. e4 Nf6 6. f3 0-0 7. Be3 Nbd7 8. Qd2 Ne5 9. Bd3 a6 10. a3 Bd7 11. 0-0-0 Rb8 12. a4 Qa5 13. b3 Qb4 14. Kb2 Nxd3+ 15. Qxd3 Ne8 16. Nge2 Bxa4 17. Nc1 b5 18. cxb5 Bxb5 19. Qc2 c4 20. Bd4 cxb3 21. Nxb3 Bc4 22. Na2 Qxb3+ 23. Qxb3 Rxb3+ 24. Kc2 Rb7 25. Nc3 Bb3+ 26. Kd3 Bxd1 27. Rxd1 Bxd4 28. Kxd4 0-1

[Event "Leipzig VfB op 24th"]
[Site "Leipzig"]
[Date "2017.03.25"]
[Round "8"]
[White "Ehrich, Dieter"]
[Black "Fischbach, Rainer"]
[Result "0-1"]
[WhiteElo "1648"]
[BlackElo "1867"]
[PlyCount "58"]
[EventDate "2017.03.21"]
[EventType "swiss"]
[EventRounds "9"]
[EventCountry "GER"]
[SourceTitle "EXT 2018"]
[Source "ChessBase"]
[SourceDate "2017.10.13"]
[SourceVersion "1"]
[SourceVersionDate "2017.10.13"]
[SourceQuality "1"]

1. c4 Nf6 2. g3 b6 3. Bg2 Nc6 4. b4 Bb7 5. b5 Na5 6. Bxb7 Nxb7 7. Nc3 d5 8. cxd5 Nxd5 9. Bb2 Nxc3 10. dxc3 e6 11. Nf3 Qxd1+ 12. Rxd1 a6 13. bxa6 Rxa6 14. Ra1 Ba3 15. Rb1 Nd6 16. 0-0 f6 17. Nd4 Kd7 18. Rfd1 Bc5 19. Nb3 Rxa2 20. Nxc5+ bxc5 21. e4 Rb8 22. Ba1 Rxb1 23. Rxb1 Nxe4 24. f3 Nd2 25. Rd1 Kc6 26. c4 Nxf3+ 27. Kf1 Nxh2+ 28. Kg1 Nf3+ 29. Kf1 Nd2+ 0-1

[Event "Leipzig VfB op 24th"]
[Site "Leipzig"]
[Date "2017.03.24"]
[Round "6"]
[White "Ehrich, Dieter"]
[Black "Just, Joachim"]
[Result "0-1"]
[WhiteElo "1648"]
[BlackElo "1941"]
[PlyCount "62"]
[EventDate "2017.03.21"]
[EventType "swiss"]
[EventRounds "9"]
[EventCountry "GER"]
[SourceTitle "EXT 2018"]
[Source "ChessBase"]
[SourceDate "2017.10.13"]
[SourceVersion "1"]
[SourceVersionDate "2017.10.13"]
[SourceQuality "1"]

1. c4 g6 2. g3 Bg7 3. Bg2 d6 4. d3 e5 5. Nc3 Nc6 6. Nf3 Nge7 7. e4 0-0 8. 0-0 Bg4 9. Qc2 Bxf3 10. Bxf3 Nd4 11. Qd1 Nxf3+ 12. Qxf3 Nc6 13. Be3 Kh8 14. a3 f5 15. Qd1 f4 16. Bxf4 exf4 17. f3 fxg3 18. hxg3 Qg5 19. Kg2 Be5 20. Ne2 Qe3 21. f4 Bg7 22. Nc3 Bxc3 23. bxc3 Qc5 24. Qg4 Kg7 25. Rh1 h5 26. Qh4 Qe3 27. Raf1 Qxd3 28. f5 Qe2+ 29. Rf2 Qg4 30. Qxg4 hxg4 31. Rh4 Ne5 0-1

[Event "Leipzig VfB op 24th"]
[Site "Leipzig"]
[Date "2017.03.23"]
[Round "5"]
[White "Stieler, Sebastian"]
[Black "Ehrich, Dieter"]
[Result "0-1"]
[WhiteElo "1832"]
[BlackElo "1648"]
[PlyCount "72"]
[EventDate "2017.03.21"]
[EventType "swiss"]
[EventRounds "9"]
[EventCountry "GER"]
[SourceTitle "EXT 2018"]
[Source "ChessBase"]
[SourceDate "2017.10.13"]
[SourceVersion "1"]
[SourceVersionDate "2017.10.13"]
[SourceQuality "1"]

1. e4 c5 2. c3 d6 3. d4 cxd4 4. cxd4 e6 5. Nc3 Be7 6. Nf3 Nf6 7. Be2 0-0 8. 0-0 Nbd7 9. h3 e5 10. d5 Nc5 11. Nd2 Bd7 12. b4 Na6 13. Bxa6 bxa6 14. Kh2 Qc8 15. Bb2 Qb7 16. Ba3 Bb5 17. Nxb5 axb5 18. f3 Rac8 19. Qb3 Nh5 20. Rac1 Bh4 21. g4 Ng3 22. Rg1 Ne2 23. Rxc8 Rxc8 24. Rg2 Nf4 25. Qe3 Nxg2 26. Kxg2 Qe7 27. Qd3 a6 28. Bb2 Qg5 29. Nf1 Qf4 30. Bc3 Qc1 31. Bd2 Qc2 32. Qe3 h6 33. Qb6 Bg5 34. Qxd6 Bxd2 35. Nxd2 Qxd2+ 36. Kg3 Qf4+ 0-1

[Event "Leipzig VfB op 22nd"]
[Site "Leipzig"]
[Date "2015.03.06"]
[Round "6"]
[White "Keil, Michael"]
[Black "Ehrich, Dieter"]
[Result "1-0"]
[WhiteElo "1321"]
[BlackElo "1664"]
[PlyCount "59"]
[EventDate "2015.03.03"]
[EventType "swiss"]
[EventRounds "9"]
[EventCountry "GER"]
[SourceTitle "EXT 2016"]
[Source "ChessBase"]
[SourceDate "2015.10.08"]
[SourceVersion "1"]
[SourceVersionDate "2015.10.08"]
[SourceQuality "1"]

1. d4 Nf6 2. c4 e6 3. Nc3 Bb4 4. Nf3 b6 5. a3 Bxc3+ 6. bxc3 0-0 7. Bg5 h6 8. Bh4 g5 9. Bg3 Nc6 10. e3 Ne4 11. Qc2 f5 12. d5 Na5 13. dxe6 dxe6 14. Rd1 Qe7 15. Bd3 Nxg3 16. hxg3 Kg7 17. Nd4 Qxa3 18. g4 Qc5 19. gxf5 exf5 20. Qe2 g4 21. Rh5 Kg6 22. Qxg4+ Kh7 23. Bxf5+ Rxf5 24. Nxf5 Qf8 25. Qe4 Kg6 26. Rxh6+ Kf7 27. Qd5+ Ke8 28. Qd8+ Kf7 29. Qxc7+ Ke8 30. Rd8# 1-0

[Event "Leipzig VfB op 22nd"]
[Site "Leipzig"]
[Date "2015.03.04"]
[Round "3"]
[White "Ehrich, Dieter"]
[Black "Pohl, Gunnar"]
[Result "0-1"]
[WhiteElo "1664"]
[BlackElo "1926"]
[PlyCount "66"]
[EventDate "2015.03.03"]
[EventType "swiss"]
[EventRounds "9"]
[EventCountry "GER"]
[SourceTitle "EXT 2016"]
[Source "ChessBase"]
[SourceDate "2015.10.08"]
[SourceVersion "1"]
[SourceVersionDate "2015.10.08"]
[SourceQuality "1"]

1. c4 Nf6 2. g3 g6 3. Bg2 Bg7 4. Nf3 0-0 5. Nc3 d6 6. d4 c6 7. 0-0 Bf5 8. Nh4 Bg4 9. h3 Bd7 10. e4 Qc7 11. Qb3 e5 12. d5 Na6 13. Be3 Ne8 14. f4 exf4 15. Bxf4 Nc5 16. Qc2 h6 17. Be3 Kh7 18. Rf2 Be5 19. Kh2 Qd8 20. Raf1 Qxh4 21. Bf4 Bxf4 22. Rxf4 Qe7 23. b4 Na6 24. e5 dxe5 25. Qe4 Nd6 26. Qe3 Nf5 27. Rxf5 gxf5 28. dxc6 bxc6 29. b5 cxb5 30. Rf4 Qc5 31. Qd3 exf4 32. Qxd7 fxg3+ 33. Kh1 Qf2 0-1

[Event "Leipzig VfB op 22nd"]
[Site "Leipzig"]
[Date "2015.03.04"]
[Round "2"]
[White "Graupner, Thomas"]
[Black "Ehrich, Dieter"]
[Result "1/2-1/2"]
[WhiteElo "1819"]
[BlackElo "1664"]
[PlyCount "36"]
[EventDate "2015.03.03"]
[EventType "swiss"]
[EventRounds "9"]
[EventCountry "GER"]
[SourceTitle "EXT 2016"]
[Source "ChessBase"]
[SourceDate "2015.10.08"]
[SourceVersion "1"]
[SourceVersionDate "2015.10.08"]
[SourceQuality "1"]

1. e4 c5 2. d4 cxd4 3. c3 dxc3 4. Nxc3 e6 5. Nf3 Nc6 6. Bc4 Be7 7. 0-0 Nf6 8. e5 Ng4 9. Bf4 h5 10. Nb5 g5 11. Bc1 Ngxe5 12. Be2 Nxf3+ 13. Bxf3 d5 14. Be3 a6 15. Nd4 e5 16. Nxc6 bxc6 17. Bxh5 Qd6 18. Qf3 Qf6 1/2-1/2